[Event "SLO-chT2 East"]
[Site "Slovenia"]
[Date "2017.12.09"]
[Round "8"]
[White "Muzlovic, Anastazij"]
[Black "Burjak, Zdravko"]
[Result "1/2-1/2"]
[WhiteElo "1753"]
[BlackElo "1954"]
[PlyCount "167"]
[EventDate "2017.09.30"]
[EventType "team-tourn"]
[EventRounds "9"]
[EventCountry "SLO"]
[SourceTitle "EXT 2019"]
[Source "ChessBase"]
[SourceDate "2018.10.10"]
[SourceVersion "1"]
[SourceVersionDate "2018.10.10"]
[SourceQuality "1"]

1. Nf3 c5 2. c4 Nf6 3. Nc3 Nc6 4. e3 e6 5. d4 d5 6. dxc5 Bxc5 7. a3 0-0 8. b4 Bb6 9. c5 Bc7 10. Bb2 e5 11. Be2 e4 12. Nd4 Ne5 13. h3 Qe7 14. Ndb5 Be6 15. Nxc7 Qxc7 16. Nb5 Qb8 17. Nd6 Ned7 18. g4 b6 19. Qd4 bxc5 20. bxc5 Nxc5 21. Qxc5 Qxb2 22. Qc1 Qe5 23. Nb5 Rac8 24. Qd1 Rc5 25. Nd4 Nd7 26. 0-0 h5 27. Kh1 hxg4 28. hxg4 Qg5 29. Kg2 Bxg4 30. Bxg4 Ne5 31. Kg3 Qxg4+ 32. Qxg4 Nxg4 33. Kxg4 g6 34. Rg1 Kg7 35. Rab1 Rc7 36. Rb5 Rd7 37. Kf4 Rh8 38. Rg5 Rhd8 39. Ra5 Kf8 40. Nc6 Rc8 41. Nxa7 Rcc7 42. Nb5 Rc5 43. Ra8+ Kg7 44. Nd4 Rc1 45. Ra5 Rf1 46. Rgxd5 Rxf2+ 47. Kxe4 Re7+ 48. Re5 f5+ 49. Kd3 Rd7 50. Red5 Re7 51. Ra6 f4 52. Ne6+ Kh7 53. Nxf4 Rf3 54. Re6 Ra7 55. Ke4 Rg3 56. Rd3 Ra4+ 57. Ke5 Kh6 58. Kf6 Rxf4+ 59. Ke5 Ra4 60. Red6 Rg5+ 61. Ke6 Re4+ 62. Kf7 Rg3 63. Re6 Rf3+ 64. Rf6 Rg3 65. Rfd6 Rgxe3 66. Rxg6+ Kh5 67. Rd5+ Kh4 68. Ra5 Re5 69. Rxe5 Rxe5 70. Re6 Ra5 71. Re3 Kg4 72. Ke6 Kf4 73. Rb3 Ke4 74. Kd6 Kd4 75. Kc6 Ra6+ 76. Kb5 Ra8 77. Rh3 Rb8+ 78. Kc6 Ra8 79. a4 Kc4 80. Rh4+ Kb3 81. Kb5 Rb8+ 82. Ka5 Ra8+ 83. Kb5 Rb8+ 84. Kc5 1/2-1/2

[Event "SLO-chT2 East"]
[Site "Slovenia"]
[Date "2017.10.15"]
[Round "3"]
[White "Burjak, Zdravko"]
[Black "Mar, Karmen"]
[Result "0-1"]
[WhiteElo "1954"]
[BlackElo "2045"]
[PlyCount "100"]
[EventDate "2017.09.30"]
[EventType "team-tourn"]
[EventRounds "9"]
[EventCountry "SLO"]
[SourceTitle "EXT 2019"]
[Source "ChessBase"]
[SourceDate "2018.10.10"]
[SourceVersion "1"]
[SourceVersionDate "2018.10.10"]
[SourceQuality "1"]

1. e4 c5 2. Nf3 d6 3. d4 cxd4 4. Nxd4 Nf6 5. Nc3 e6 6. Be3 a6 7. Bd3 b5 8. a3 Bb7 9. f4 Be7 10. Qf3 Qc7 11. 0-0 Nc6 12. Nxc6 Bxc6 13. Qg3 g6 14. f5 gxf5 15. Qf4 Rg8 16. Rae1 Ng4 17. h3 Bg5 18. Qg3 Nxe3 19. Rxe3 Bxe3+ 20. Qxe3 Qa7 21. Qxa7 Rxa7 22. Rf2 fxe4 23. Nxe4 Bxe4 24. Bxe4 f5 25. Bd3 Rag7 26. a4 Rb7 27. axb5 axb5 28. Re2 Kf7 29. Re1 Kf6 30. Kh2 h5 31. Rf1 Rbg7 32. Rf2 Rb8 33. Rf4 b4 34. b3 Rg5 35. Rc4 Ke5 36. Be2 d5 37. Rc6 h4 38. Rc7 Rgg8 39. Bd3 Kd6 40. Rh7 Rh8 41. Ra7 Rbc8 42. Rb7 Rb8 43. Ra7 Ke5 44. Ra1 Ra8 45. Re1+ Kf6 46. Rf1 Kg5 47. Re1 Rhe8 48. Rf1 f4 49. Rd1 Ra5 50. Kg1 e5 0-1